<?xml version="1.0" encoding="UTF-8"?><?xml-stylesheet type="text/xsl" href="static/style.xsl"?><OAI-PMH xmlns="http://www.openarchives.org/OAI/2.0/" xmlns:xsi="http://www.w3.org/2001/XMLSchema-instance" xsi:schemaLocation="http://www.openarchives.org/OAI/2.0/ http://www.openarchives.org/OAI/2.0/OAI-PMH.xsd"><responseDate>2026-06-07T23:44:54Z</responseDate><request verb="GetRecord" identifier="oai:docta.ucm.es:20.500.14352/62886" metadataPrefix="marc">https://docta.ucm.es/rest/oai/request</request><GetRecord><record><header><identifier>oai:docta.ucm.es:20.500.14352/62886</identifier><datestamp>2023-07-13T01:50:51Z</datestamp><setSpec>com_20.500.14352_14</setSpec><setSpec>col_20.500.14352_22</setSpec></header><metadata><record xmlns="http://www.loc.gov/MARC21/slim" xmlns:dcterms="http://purl.org/dc/terms/" xmlns:xsi="http://www.w3.org/2001/XMLSchema-instance" xmlns:doc="http://www.lyncode.com/xoai" xsi:schemaLocation="http://www.loc.gov/MARC21/slim http://www.loc.gov/standards/marcxml/schema/MARC21slim.xsd">
   <leader>00925njm 22002777a 4500</leader>
   <datafield ind2=" " ind1=" " tag="042">
      <subfield code="a">dc</subfield>
   </datafield>
   <datafield ind2=" " ind1=" " tag="720">
      <subfield code="a">Poza Gómez, Pedro Alberto</subfield>
      <subfield code="e">author</subfield>
   </datafield>
   <datafield ind2=" " ind1=" " tag="260">
      <subfield code="c">2002</subfield>
   </datafield>
   <datafield ind2=" " ind1=" " tag="520">
      <subfield code="a">Esta tesis doctoral presenta un estudio detallado de los mecanismos de deformación y rotura bajo la acción de cargas monótonas y cíclicas de una aleación AL-LI-CU-MG-ZR reforzada con un 15% en volumen con partículas de sic madura a temperatura ambiente y a alta temperatura. Paralelamente se ha estudiado la aleación sin reforzar para valorar la influencia del refuerzo cerámico en el comportamiento del compuesto. El trabajo presentado incluye la caracterización microestructural del material compuesto y la aleación sin reforzar mediante microscopia electrónica de barrido y de transmisión. El comportamiento mecánico de estos materiales se ha estudiado realizando ensayos bajo la acción de cargas monótonas y cíclicas, analizándose los micromecanismos de deformación y rotura. Finalmente se ha elaborado un modelo matemático sobre el comportamiento mecánico de los compuestos.</subfield>
   </datafield>
   <datafield ind1="8" ind2=" " tag="024">
      <subfield code="a">978-84-669-0454-4</subfield>
   </datafield>
   <datafield ind1="8" ind2=" " tag="024">
      <subfield code="a">https://hdl.handle.net/20.500.14352/62886</subfield>
   </datafield>
   <datafield ind2="0" ind1="0" tag="245">
      <subfield code="a">Mecanismos de deformación y rotura de materiales compuestos de matriz metálica</subfield>
   </datafield>
</record></metadata></record></GetRecord></OAI-PMH>